000 00299nam a2200133Ia 4500
003 OSt
005 20240404094148.0
020 _a81-7000-326-1
040 _cLCC
050 _aZ 696.D54 D 56
100 _aDHYANI,PUSHIPA
245 0 _aCLASSIFYING WITH DEWEY DECIMAL CLASSFICATION
942 _cBK
_2ddc
999 _c206793
_d206793